Documentos bs̀icos para la modernizacin̤ y el fortalecimiento de las administraciones pb︢licas en Iberoamřica

Detalles Bibliográficos
Autor principal: Canales Aliende, Jos ̌Manuel
Formato: eBook
Lenguaje:español
Publicado: Alicante : Editorial Club Universitario, 2010
Acceso en línea:http://www.vlex.com/source/7364

MARC

LEADER 00000nam a22000007a 4500
005 20130308091440.0
007 cr|||| ||||
008 130308e2010 sp |||||s|||| 00||0 spa d
020 |a 978-84-8454-878-2 
035 |a 7364 
040 |a vLex 
090 |c 3860  |d 3860 
100 1 0 |a Canales Aliende, Jos ̌Manuel  
245 1 0 |a Documentos bs̀icos para la modernizacin̤ y el fortalecimiento de las administraciones pb︢licas en Iberoamřica  |c / Jos ̌Manuel Canales Aliende   |h [Recurso electrn̤ico]  
256 |a Servicio en ln̕ea 
260 |a Alicante :   |b Editorial Club Universitario,   |c 2010 
300 |a 1 Recurso electrn̤ico 
740 |a vLex Libros (Servicio en ln̕ea) 
856 |a Acceso restringido  |u http://www.vlex.com/source/7364 
942 |c BOOK